The American economic system... and your part in it.

Đã lưu trong:
书目详细资料
格式: 图书
语言:Undetermined
出版: New York United Feature Syndicate, Inc. 1965
主题:
标签: 添加标签
没有标签, 成为第一个标记此记录!
Thư viện lưu trữ: Trung tâm Học liệu Trường Đại học Cần Thơ
LEADER 00443nam a2200157Ia 4500
001 CTU_83387
008 210402s9999 xx 000 0 und d
082 |a 330 
082 |b A512 
245 4 |a The American economic system... and your part in it. 
260 |a New York 
260 |b United Feature Syndicate, Inc. 
260 |c 1965 
650 |a Economic 
904 |i Qhieu(sửa) 
980 |a Trung tâm Học liệu Trường Đại học Cần Thơ